000 00261nam a2200097Ia 4500
001 648542
005 20250826153724.0
008 250824s9999 xx 000 0 und d
245 0 _aBÜYÜK HAYATLAR BÜYÜK DÜŞÜNCELER
_cSALİHA ŞAHAN
260 _bGENÇ TİMAŞ
999 _c648542
_d648542